• 首页
  • 本馆介绍
  • 公告通知
  • 最新文献
  • 馆藏检索
  • 电子资源
  • 读者导购
  • 参考咨询
  • 我的图书馆
  • 登录
  • 详细信息显示
  • 放入我的书架
  • 预约/预借图书
  • 作者相关作品
  • 分类相关作品
  • 丛书相关作品
  • 出版社相关作品

书目信息

  • 表格格式
  • 工作单格式
  • 卡片格式
题名:
高等教育的现状和趋势
    
 
作者: ;人民教育出版社《外国教育丛书》编辑组 编
分册:  
出版信息: 北京   人民教育出版社  1979
页数: 182页
开本: 19cm
丛书名: 外国教育丛书
单 册:
中图分类: G64 , G74
科图分类:
主题词: 高等教育--外国 , 教育--各级
电子资源:
ISBN:
000 00881nam2 2200265 45
001 0179005105
005 20060818103544.45
010    @dCNY0.41
091    @a7012.047
100    @a19950716d1979 emky0chiy0121 ea
101 0  @achi
102    @aCN@b110000
105    @ay z 000yy
200 10 @a高等教育的现状和趋势@Agao deng jiao yu de xian zhuang he qu shi@f人民教育出版社《外国教育丛书》编辑组编@Fren min jiao yu chu ban she《wai guo jiao yu cong shu》bian ji zu bian
210    @a北京@c人民教育出版社@d1979
215    @a182页@d19cm
225 2  @a外国教育丛书
410  0 @120010@a外国教育丛书
606    @a高等教育@y外国
606 0  @a教育@x各级
690    @aG64@v3
690    @aG74@v4
711  0 @a人民教育出版社《外国教育丛书》编辑组@Aren min jiao yu chu ban she《wai guo jiao yu cong shu》bian ji zu@4编
801  0 @aCN@bTSSF@c20060818
905    @a10447@dG64@e198
    
    高等教育的现状和趋势/人民教育出版社《外国教育丛书》编辑组编.-北京:人民教育出版社,1979
    182页;19cm.-(外国教育丛书)
    
    
    ISBN :CNY0.41
    
●
相关链接 在E读中查询图书 在五车中查询图书 在当当中查询图书 在豆瓣中查询图书


正题名:高等教育的现状和趋势     索取号:G64/198         预约/预借

序号 登录号 条形码 馆藏地/架位号 状态 备注
1 0028786   202202320   密集书库/ [索取号:G64/198] 在馆    
2 0426264   204262644   密集书库/ [索取号:G64/198] 在馆    
3 0426265   204262653   密集书库/ [索取号:G64/198] 在馆    
4 0440189   204401897   密集书库/ [索取号:G64/198] 在馆    
5 0447116   204471160   密集书库/ [索取号:G64/198] 在馆    
6 0448235   204482354   密集书库/ [索取号:G64/198] 在馆    
7 0448569   204485690   密集书库/ [索取号:G64/198] 在馆    
8 0465455   204654551   密集书库/ [索取号:G64/198] 在馆    
唐山师范学院图书馆 欢迎您!
大连网信软件有限公司© 版权所有